5HLuxD.jpg

KING HENRY VIII SENIOR AND PRIMARY SCHOOL LIBRARY OPAC

Princess Ellie's Secret / (Record no. 1682)

000 -LEADER
fixed length control field 01017pam a2200349 a 4500
001 - CONTROL NUMBER
control field 012880147
003 - CONTROL NUMBER IDENTIFIER
control field Uk
005 - DATE AND TIME OF LATEST TRANSACTION
control field 20230119075307.0
008 - FIXED-LENGTH DATA ELEMENTS--GENERAL INFORMATION
fixed length control field 040420s2004 enk j 000 1 eng
015 ## - NATIONAL BIBLIOGRAPHY NUMBER
National bibliography number GBA4X0874
Source bnb
016 7# - NATIONAL BIBLIOGRAPHIC AGENCY CONTROL NUMBER
Record control number 012880147
Source Uk
020 ## - INTERNATIONAL STANDARD BOOK NUMBER
International Standard Book Number 9780746060186 (pbk.) :
020 ## - INTERNATIONAL STANDARD BOOK NUMBER
International Standard Book Number 9780746060186
040 ## - CATALOGING SOURCE
Original cataloging agency StDuBDS
Modifying agency Uk
Transcribing agency .
Description conventions KH8
042 ## - AUTHENTICATION CODE
Authentication code ukblsr
082 04 - DEWEY DECIMAL CLASSIFICATION NUMBER
Classification number 823.914 KIM
Edition number 22
100 1# - MAIN ENTRY--PERSONAL NAME
Personal name Kimpton, Diana.
Relator term author
245 10 - TITLE STATEMENT
Title Princess Ellie's Secret /
Statement of responsibility, etc. Diana Kimpton ; illustrator, Lizzie Finlay.
260 ## - PUBLICATION, DISTRIBUTION, ETC.
Place of publication, distribution, etc. London :
Name of publisher, distributor, etc. Usborne,
Date of publication, distribution, etc. 2004.
300 ## - PHYSICAL DESCRIPTION
Extent 84 p. :
Other physical details ill. ;
Dimensions 20cm.
336 ## - CONTENT TYPE
Content type term text
Source rdacontent
337 ## - MEDIA TYPE
Media type term unmediated
Source rdamedia
338 ## - CARRIER TYPE
Carrier type term volume
Source rdacarrier
490 1# - SERIES STATEMENT
Series statement The pony-mad princess
500 ## - GENERAL NOTE
General note Formerly CIP.
Institution to which field applies Uk
650 #0 - SUBJECT ADDED ENTRY--TOPICAL TERM
Topical term or geographic name entry element Princesses
Form subdivision Juvenile fiction.
650 #0 - SUBJECT ADDED ENTRY--TOPICAL TERM
Topical term or geographic name entry element Ponies
Form subdivision Juvenile fiction.
655 #7 - INDEX TERM--GENRE/FORM
Genre/form data or focus term Children's stories.
Source of term lcsh
700 1# - ADDED ENTRY--PERSONAL NAME
Personal name Finlay, Lizzie.
Relator term illustrator
830 #4 - SERIES ADDED ENTRY--UNIFORM TITLE
Uniform title The pony-mad princess
942 ## - ADDED ENTRY ELEMENTS (KOHA)
Source of classification or shelving scheme
Koha item type Books - Non Ficton
Holdings
Withdrawn status Lost status Source of classification or shelving scheme Damaged status Not for loan Collection code Permanent Location Current Location Shelving location Date acquired Full call number Barcode Date last seen Price effective from Koha item type Total Checkouts Date last checked out
          Non-Fiction KH8 Primary School Library KH8 Primary School Library Non Fiction 2023-01-19 823.914 KIM KHPL000003443 2025-12-05 2023-01-19 Books - Non Ficton    
          Non-Fiction KH8 Primary School Library KH8 Primary School Library Non Fiction 2023-01-27 823.914 KIM KHPL000003533 2025-12-05 2023-01-27 Books - Non Ficton 1 2023-05-30

Powered By KH8 IT Dept